Zonificación preliminar de los suelos del area metropolitana

Guardat en:
Dades bibliogràfiques
Autor principal: Quirós Litwin, Gustavo Adolfo
Format: Llibre
Publicat: [San José , Costa Rica] 1985
Matèries:
Etiquetes: Afegir etiqueta
Sense etiquetes, Sigues el primer a etiquetar aquest registre!

MARC

LEADER 00000nam a2200000Ia 4500
003 002967
005 20221231144401.0
008 140114s1985 cr a m 000 ||s d
040 |c cru CEDI 
090 |a TFG 1724 
100 |a Quirós Litwin, Gustavo Adolfo  |9 14483 
245 |a Zonificación preliminar de los suelos del area metropolitana 
260 |c 1985  |a  [San José , Costa Rica] 
300 |a  78 hojas : ilustraciones, mapas plegables ; 28 cm  
500 |a  Proyecto de graduación (ingeniería civil)--Universidad de Costa Rica. Escuela de Ingeniería Civil 
650 |x SUELOS - AREA METROPOLITANA DE SAN JOSE (COSTA RICA)  |9 582 
942 |c TFG  |2 ddc 
999 |c 21073  |d 21073